00446nam a2200157Ia 450000500170000000800410001702000230005804000140008108200170009510000190011224500370013126000250016830000400019350400190023365000360025220240702120929.0230331s9999 xx 000 0 eng d a9780756657529qhbk aRDAc3228 223a612 WALK aWalker,Richard 0aHuman body questions and answers aNew York:bDK,c2010 a61 pagesc28 cmbColor illustration 6Includes index aChildren`s question and answers